00733nam a2200229Ia 450000500170000000800410001702000180005804100080007608200150008410000210009924500330012026000410015330000090019444000060020350000280020965000360023770000210027390600070029494200070030199900170030895201780032520251121230034.0230125s9999 xx 000 0 und d a9788184957648 aeng a158.1bHEW aHewitt L9215405 aThe Power Of Focus For Women c2015bJaico Publishing HouseaMumbai a308p v1 aPersonality Development aPersonality Development9213420 aHewitt L9215405 b29 cBK c95931d95931 00104070aHIMRbHIMRd2018-03-07ePritam Book Centreg350.00i10524l1m1o158.1 HEW B15915pHIMR-BK-15915r2024-08-16 00:00:00s2024-08-03v321.00w2018-01-19yBKzB15915